Statistics for Crack the Code: European Cities #2

Click here to take the quiz!

General Stats

  • This quiz has been taken 46 times
  • The average score is 7 of 10

Answer Stats

ClueCity% Correct
The capital of WalesC
98%
Home of the Eiffel towerP
98%
The largest city in ScotlandG
93%
The largest city in Europe that is also part AsianI
90%
The only city in the world which contains a countryR
79%
The 3rd most populated city in Ukraine, and rests on the Black seaO
76%
Port city and the home of the Flemish renaissanceA
64%
Home to the Bundesliga's 2nd best team (usually)D
57%
This Siberian city is close to the Kazakh border, but is a part of RussiaO
29%
PODGORICA
24%

Score Distribution

Percentile by Number Answered

Percent of People with Each Score

Your Score History

You have not taken this quiz